| 000 | 00548 a2200193 4500 | ||
|---|---|---|---|
| 003 | Nust | ||
| 005 | 20170207154008.0 | ||
| 010 | _a 99086932 | ||
| 020 | _a1565926609 (alk. paper) | ||
| 040 | _cNust | ||
| 082 | 0 | 0 | _a004.68 |
| 100 | 1 | _aSpurgeon, Charles | |
| 245 | 1 | 0 |
_aEthernet- (EBOOK) _cCharles E. Spurgeon. |
| 260 |
_aCambridge, MA : _bO'Reilly, _c2000. |
||
| 300 | _ap. cm. | ||
| 650 | 0 | _aEthernet (Local area network system) | |
| 651 | _aEBOOK | ||
| 856 | 4 | 2 |
_3Publisher description _uhttp://www.loc.gov/catdir/enhancements/fy0715/99086932-d.html |
| 942 |
_2ddc _cBK |
||
| 999 |
_c191065 _d191065 |
||